[Event "American Cup Elim w"]
[Site "Saint Louis USA"]
[Date "2024.03.14"]
[Round "1.1"]
[White "Abrahamyan, Tatev"]
[Black "Yu, Jennifer"]
[Result "0-1"]
[WhiteTitle "WGM"]
[BlackTitle "FM"]
[WhiteElo "2308"]
[BlackElo "2279"]
[WhiteFideId "13301918"]
[BlackFideId "2078341"]
[EventDate "2024.03.14"]
[EventType "k.o."]

1. e4 c5 2. Nf3 e6 3. d4 cxd4 4. Nxd4 Nc6 5. Nc3 Qc7 6. a3 a6 7. Be3 Nf6 8. f4
Nxd4 9. Qxd4 Ng4 10. e5 Nxe3 11. Qxe3 d5 12. O-O-O b5 13. f5 b4 14. axb4 Bxb4
15. fxe6 fxe6 16. Ne2 O-O 17. Nd4 Rb8 18. Bd3 Bc5 19. c3 Qa5 20. Rd2 Bd7 21. Bb1
Rfc8 22. Qd3 g6 23. Nc2 Bf8 24. h4 Bh6 25. Ne3 Bb5 26. Qd4 Qb6 27. Re1 Be8 28.
Ng4 Qxb2+ 29. Kd1 Qxb1+ 30. Ke2 Bb5+ 31. Kf2 Qf5+ 32. Kg3 Bxd2 33. Qxd2 Kh8 34.
Re3 Rc4 0-1

[Event "American Cup Elim w"]
[Site "Saint Louis USA"]
[Date "2024.03.14"]
[Round "1.2"]
[White "Tang, Zoey"]
[Black "Zatonskih, Anna"]
[Result "1-0"]
[WhiteTitle "FM"]
[BlackTitle "IM"]
[WhiteElo "2253"]
[BlackElo "2348"]
[WhiteFideId "30952530"]
[BlackFideId "14101572"]
[EventDate "2024.03.14"]
[EventType "k.o."]

1. d4 d5 2. c4 e6 3. Nc3 h6 4. cxd5 exd5 5. Bf4 Nf6 6. e3 Bd6 7. Bxd6 Qxd6 8.
Bd3 O-O 9. Qc2 Qe7 10. Nf3 c6 11. h3 Nbd7 12. O-O Re8 13. Ne2 Ne4 14. Bxe4 dxe4
15. Nd2 Nf6 16. Ng3 h5 17. f3 exf3 18. Rxf3 h4 19. Nf5 Bxf5 20. Qxf5 Rad8 21.
Nc4 Ne4 22. Ne5 Ng5 23. Rf4 f6 24. Ng4 Qf7 25. Raf1 Rd5 26. Qc2 Rd6 27. Rxf6
Rxf6 28. Rxf6 Qe7 29. Qg6 Ne4 30. Rf7 1-0

[Event "American Cup Elim w"]
[Site "Saint Louis USA"]
[Date "2024.03.14"]
[Round "1.2"]
[White "Yu, Jennifer"]
[Black "Abrahamyan, Tatev"]
[Result "1/2-1/2"]
[WhiteTitle "FM"]
[BlackTitle "WGM"]
[WhiteElo "2279"]
[BlackElo "2308"]
[WhiteFideId "2078341"]
[BlackFideId "13301918"]
[EventDate "2024.03.14"]
[EventType "k.o."]

1. d4 Nf6 2. c4 e6 3. Nf3 d5 4. Nc3 Nbd7 5. cxd5 exd5 6. Bg5 h6 7. Bh4 c6 8. e3
g5 9. Bg3 Nh5 10. Bd3 Nxg3 11. hxg3 Bg7 12. g4 Nb6 13. Nd2 Qe7 14. Qe2 Be6 15.
Nb3 O-O-O 16. Nc5 Nd7 17. N3a4 Nxc5 18. Nxc5 Kb8 19. O-O-O b6 20. Nxe6 fxe6 21.
Kb1 e5 22. dxe5 Qxe5 23. Qc2 c5 24. Bf5 Rhe8 25. Rd2 Re7 26. Rhd1 Rc7 27. Be4 d4
28. Bf3 Re8 29. Re2 d3 30. Rxd3 c4 31. Rd5 Qe7 32. Re1 c3 33. b3 Rec8 34. Red1
a6 35. Be2 Qa3 36. Rd7 Be5 37. Rxc7 Rxc7 38. Rd8+ Ka7 39. Bf3 b5 40. Rd5 Bg7 41.
Be4 Kb6 42. Qc1 Qb2+ 43. Qxb2 cxb2 44. Bc2 Rf7 45. f3 Re7 46. e4 Kc6 47. b4 Kb6
48. Bb3 Rc7 49. e5 Re7 50. Kxb2 Rxe5 51. Rxe5 Bxe5+ 52. Kc2 Bd6 53. Kc3 Be5+ 54.
Kd3 Bd6 55. Kc3 Be5+ 56. Kd3 Bd6 57. Kc3 Be5+ 1/2-1/2

[Event "American Cup Elim w"]
[Site "Saint Louis USA"]
[Date "2024.03.14"]
[Round "1.3"]
[White "Tang, Zoey"]
[Black "Zatonskih, Anna"]
[Result "0-1"]
[WhiteTitle "FM"]
[BlackTitle "IM"]
[WhiteElo "2253"]
[BlackElo "2348"]
[WhiteFideId "30952530"]
[BlackFideId "14101572"]
[EventDate "2024.03.14"]
[EventType "k.o."]

1. d4 e6 2. c4 b6 3. Nf3 Bb7 4. g3 Bxf3 5. exf3 d5 6. Nc3 Nf6 7. cxd5 exd5 8.
Bd3 Be7 9. O-O O-O 10. f4 c5 11. f5 Nc6 12. Ne2 c4 13. Bc2 b5 14. Bf4 a5 15. h3
Re8 16. g4 Bd6 17. Be3 Bc7 18. Kg2 Qd6 19. Rh1 Ne4 20. Bxe4 dxe4 21. d5 Nb4 22.
Nf4 Nd3 23. Nxd3 exd3 24. Qf3 Rad8 25. a4 Qxd5 26. axb5 Qxb5 27. Rhc1 Be5 28.
Bd2 a4 29. Rab1 Bxb2 30. Bc3 a3 31. f6 Qd5 32. Bxb2 axb2 33. Rxb2 Qxf3+ 34. Kxf3
c3 35. Rxc3 d2 36. Rxd2 Rxd2 37. fxg7 Kxg7 38. Kg3 Red8 39. Rc5 h6 40. h4 R8d3+
41. f3 Rd5 42. Rc7 Ra5 43. Rc3 Rd4 44. Rb3 h5 45. g5 Raa4 0-1

[Event "American Cup Elim w"]
[Site "Saint Louis USA"]
[Date "2024.03.14"]
[Round "1.4"]
[White "Zatonskih, Anna"]
[Black "Tang, Zoey"]
[Result "1/2-1/2"]
[WhiteTitle "IM"]
[BlackTitle "FM"]
[WhiteElo "2348"]
[BlackElo "2253"]
[WhiteFideId "14101572"]
[BlackFideId "30952530"]
[EventDate "2024.03.14"]
[EventType "k.o."]

1. Nf3 d5 2. e3 Bf5 3. c4 c6 4. Qb3 Qc7 5. cxd5 cxd5 6. Nc3 e6 7. Bb5+ Nc6 8.
Nd4 Ne7 9. Qa4 a6 10. b3 Rc8 11. Bxc6+ bxc6 12. Qxa6 Ng6 13. Bb2 Bb4 14. Rc1 Nh4
15. O-O O-O 16. Nxf5 Nxf5 17. Qe2 Qe7 18. Na4 Bd6 19. f4 c5 20. Qg4 g6 21. Qf3
h5 22. d3 Qa7 23. Kh1 c4 24. dxc4 Nxe3 25. Rfe1 Ng4 26. h3 Nf2+ 27. Kh2 Ne4 28.
Rxe4 dxe4 29. Qxe4 Qb8 30. g3 h4 31. c5 hxg3+ 32. Kxg3 Be7 33. Rg1 Bxc5 34. Nxc5
Rxc5 35. Kh2 Rf5 36. Rg4 Qd6 37. Be5 Qd2+ 38. Rg2 Qd5 39. Qxd5 exd5 40. a4 Ra8
41. Ra2 f6 42. Bc7 d4 43. a5 Rb5 44. Rd2 Rxb3 45. Rxd4 Ra3 46. Rd5 Kf7 47. f5
gxf5 48. Rxf5 Rh8 49. Bg3 Ra2+ 50. Kg1 Rxh3 51. Bf2 Rha3 52. Bb6 Rb3 53. Rf2
Rxf2 54. Kxf2 Ra3 55. Bc7 Rxa5 56. Bxa5 Ke6 57. Bc3 f5 58. Bd2 f4 59. Bxf4 1/2-1/2

[Event "American Cup Elim w"]
[Site "Saint Louis USA"]
[Date "2024.03.16"]
[Round "2.1"]
[White "Tokhirjonova, Gulrukhbegim"]
[Black "Tang, Zoey"]
[Result "1/2-1/2"]
[WhiteTitle "WGM"]
[BlackTitle "FM"]
[WhiteElo "2365"]
[BlackElo "2253"]
[WhiteFideId "14203626"]
[BlackFideId "30952530"]
[EventDate "2024.03.14"]
[EventType "k.o."]

1. d4 d5 2. Bf4 Nf6 3. Nf3 g6 4. e3 Bg7 5. Nbd2 c5 6. c3 O-O 7. Be2 b6 8. Ne5
Bb7 9. h4 h5 10. f3 Nc6 11. g4 cxd4 12. exd4 hxg4 13. fxg4 Nxe5 14. dxe5 Ne4 15.
Nf3 Qc8 16. Nd4 Qc7 17. Nf3 Qc5 18. Qd4 Qxd4 19. cxd4 f6 20. O-O g5 21. Bh2 Bc8
22. hxg5 Bxg4 23. gxf6 exf6 24. Kg2 Rac8 25. Rac1 fxe5 26. dxe5 Bh6 27. Rxc8
Rxc8 28. Bd3 Rf8 29. Nd4 Rxf1 30. Bxf1 Be3 31. Nc6 Kf7 32. Nxa7 Bd4 33. b4 Ng5
34. Kh1 Ke6 35. Nc6 Be3 36. Bg1 Bxg1 37. Kxg1 Nf3+ 38. Kf2 Nxe5 39. Nd4+ Kd7 40.
Ke3 Bd1 41. Bb5+ Kc7 42. Nf5 Bg4 43. Nd4 Bd1 44. Kf4 Nf7 45. Kf5 Kd6 46. Kf6 Nh6
47. Nf5+ Nxf5 48. Kxf5 Bc2+ 49. Kf4 d4 50. Bc4 Bb1 51. a3 Bc2 52. Bg8 Bb1 53.
Bb3 Bh7 54. a4 Bb1 55. Kf3 Bh7 56. Ke2 Be4 57. Kd2 Bf5 58. Bc4 Bg6 59. Kc1 Be8
60. Bb3 Bg6 61. Bc2 Be8 62. Kb2 Bf7 63. Bd3 Be6 64. Ka3 Bf7 65. Kb2 Be6 66. Kc2
Bd7 67. Kb3 Be6+ 68. Bc4 Bf5 69. Kb2 Bd7 70. Kb3 Bf5 71. Kb2 Bd7 72. Kb3 Bf5 73.
Kb2 1/2-1/2

[Event "American Cup Elim w"]
[Site "Saint Louis USA"]
[Date "2024.03.16"]
[Round "2.2"]
[White "Tang, Zoey"]
[Black "Tokhirjonova, Gulrukhbegim"]
[Result "0-1"]
[WhiteTitle "FM"]
[BlackTitle "WGM"]
[WhiteElo "2253"]
[BlackElo "2365"]
[WhiteFideId "30952530"]
[BlackFideId "14203626"]
[EventDate "2024.03.14"]
[EventType "k.o."]

1. d4 Nf6 2. c4 e6 3. Nf3 d5 4. Nc3 c6 5. e3 Nbd7 6. Qc2 Bd6 7. Bd3 dxc4 8. Bxc4
O-O 9. O-O e5 10. h3 Qe7 11. e4 b5 12. Bd3 a6 13. Ne2 c5 14. Ng3 g6 15. Bh6 exd4
16. Bxf8 Qxf8 17. b3 Bb7 18. Rae1 Re8 19. Qc1 Bb8 20. a4 Bxg3 21. fxg3 Bxe4 22.
Qb1 Bxf3 23. Rxf3 Rxe1+ 24. Qxe1 bxa4 25. bxa4 Qd6 26. Qf1 Kg7 27. Bxa6 Ne5 28.
Rf4 d3 29. Bb5 Nh5 30. Qa1 f6 31. Rf1 Nxg3 32. Rd1 c4 33. Qb2 Ne2+ 34. Kf2 Qc5+
35. Kf1 Qg1# 0-1

[Event "American Cup Elim w"]
[Site "Saint Louis USA"]
[Date "2024.03.16"]
[Round "2.2"]
[White "Yu, Jennifer"]
[Black "Paikidze, Nazi"]
[Result "0-1"]
[WhiteTitle "FM"]
[BlackTitle "IM"]
[WhiteElo "2279"]
[BlackElo "2319"]
[WhiteFideId "2078341"]
[BlackFideId "13603620"]
[EventDate "2024.03.14"]
[EventType "k.o."]

1. d4 Nf6 2. c4 e6 3. Nf3 Bb4+ 4. Nc3 O-O 5. Bg5 d5 6. Qb3 Nc6 7. e3 dxc4 8.
Bxc4 Be7 9. Qc2 Nb4 10. Qe2 a6 11. O-O h6 12. Bh4 b5 13. Bb3 Bb7 14. a4 bxa4 15.
Nxa4 Ne4 16. Bxe7 Qxe7 17. Rfc1 a5 18. Ne5 Ba6 19. Bc4 Rfb8 20. Bxa6 Rxa6 21. f3
Nf6 22. Nc5 Ra7 23. Ra4 Nfd5 24. Rca1 Rba8 25. Nb3 f6 26. Nc4 e5 27. dxe5 fxe5
28. Nbxa5 e4 29. f4 c5 30. Rd1 Qc7 31. Ra3 Nd3 32. Raxd3 exd3 33. Qxd3 Nb4 34.
Qb3 Kh8 35. Qc3 Rxa5 36. Nxa5 Rxa5 37. Qc4 Ra8 38. Rc1 Rc8 39. Qe6 Nd3 40. Rd1
c4 41. Rd2 Rb8 42. Rc2 c3 43. b3 Nb4 44. Rc1 c2 45. Qe4 Rd8 46. Qxb4 Rd1+ 47.
Kf2 Rxc1 48. Qf8+ Kh7 49. Qf5+ g6 0-1

[Event "American Cup Elim w"]
[Site "Saint Louis USA"]
[Date "2024.03.16"]
[Round "2.3"]
[White "Tang, Zoey"]
[Black "Tokhirjonova, Gulrukhbegim"]
[Result "0-1"]
[WhiteTitle "FM"]
[BlackTitle "WGM"]
[WhiteElo "2253"]
[BlackElo "2365"]
[WhiteFideId "30952530"]
[BlackFideId "14203626"]
[EventDate "2024.03.14"]
[EventType "k.o."]

1. d4 Nf6 2. c4 e6 3. Nf3 d5 4. Nc3 c6 5. e3 Nbd7 6. Qc2 Bd6 7. b3 O-O 8. Bb2 b6
9. Bd3 Bb7 10. O-O Qe7 11. Rad1 Rac8 12. Rfe1 Rfd8 13. e4 dxe4 14. Nxe4 Nxe4 15.
Bxe4 Nf8 16. h4 h6 17. h5 a5 18. Qc1 a4 19. Bb1 axb3 20. axb3 Ra8 21. Qe3 Ra5
22. c5 Bc7 23. b4 Ra4 24. Qc3 Rd5 25. Be4 Qd8 26. Bxd5 Qxd5 27. Ne5 f6 28. Nf3
Qxh5 29. Ra1 b5 30. Qb3 Qg4 31. Rxa4 bxa4 32. Qa2 Kh8 33. Bc1 h5 34. Qe2 f5 35.
Ne5 Qxe2 36. Rxe2 Ba6 37. Re3 Bb5 38. Rh3 g6 39. Nd3 Kg7 40. Nb2 e5 41. Ra3 exd4
42. Nxa4 Ne6 43. Nb2 Kf6 44. g3 g5 45. Kg2 f4 46. Nd3 Kf5 47. Ne1 g4 48. gxf4
Bxf4 49. Bxf4 Nxf4+ 50. Kh2 h4 51. Ra8 d3 52. Ng2 Nxg2 53. Kxg2 Ke4 54. Rd8 Bc4
55. f3+ gxf3+ 56. Kf2 h3 57. Re8+ Kd4 58. Ke1 Kc3 59. Rd8 h2 60. Rh8 d2+ 0-1

[Event "American Cup Elim w"]
[Site "Saint Louis USA"]
[Date "2024.03.16"]
[Round "2.3"]
[White "Yu, Jennifer"]
[Black "Paikidze, Nazi"]
[Result "1-0"]
[WhiteTitle "FM"]
[BlackTitle "IM"]
[WhiteElo "2279"]
[BlackElo "2319"]
[WhiteFideId "2078341"]
[BlackFideId "13603620"]
[EventDate "2024.03.14"]
[EventType "k.o."]

1. d4 Nf6 2. c4 e6 3. Nf3 Bb4+ 4. Nc3 d5 5. Bg5 h6 6. Bxf6 Qxf6 7. Qb3 Nc6 8.
cxd5 exd5 9. e3 O-O 10. Bb5 Bg4 11. Bxc6 Bxc3+ 12. bxc3 bxc6 13. Ne5 Bf5 14. Qb7
Rab8 15. Qxc6 Rb2 16. O-O Qxc6 17. Nxc6 Be4 18. f3 Bd3 19. Rf2 Rb5 20. a4 Rb3
21. Ne7+ Kh7 22. Nxd5 Rfb8 23. Rd2 Bc4 24. Nxc7 Rxc3 25. e4 Rd8 26. d5 a6 27. d6
f6 28. Rb1 Rd7 29. Rb6 Bb3 30. Nxa6 Bxa4 31. Rd4 Rc6 32. Rxc6 Bxc6 33. Nb8 1-0

[Event "American Cup Elim w"]
[Site "Saint Louis USA"]
[Date "2024.03.16"]
[Round "2.5"]
[White "Paikidze, Nazi"]
[Black "Yu, Jennifer"]
[Result "1-0"]
[WhiteTitle "IM"]
[BlackTitle "FM"]
[WhiteElo "2319"]
[BlackElo "2279"]
[WhiteFideId "13603620"]
[BlackFideId "2078341"]
[EventDate "2024.03.14"]
[EventType "k.o."]

1. Nf3 d5 2. b3 Nf6 3. Bb2 g6 4. e3 Bg7 5. Be2 O-O 6. O-O c5 7. c4 e6 8. d4 Ne4
9. Nbd2 b6 10. Qc2 Nxd2 11. Qxd2 dxc4 12. bxc4 Bb7 13. Rfd1 Nd7 14. d5 exd5 15.
Bxg7 Kxg7 16. cxd5 Qf6 17. Bb5 Rad8 18. e4 Ne5 19. Nxe5 Qxe5 20. Re1 f5 21. f4
Qd4+ 22. Qxd4+ cxd4 23. Rad1 fxe4 24. Rxd4 Rxd5 25. Rxd5 Bxd5 26. g3 Rf7 27. a3
Rc7 28. Rd1 Rc5 29. Be2 Kf6 30. Kf2 Ke6 31. Rd4 Rc2 32. Ke1 Kd6 33. Rd2 Rc1+ 34.
Kf2 Rc3 35. Ke1 Kc5 36. a4 Bc4 37. Bxc4 Kxc4 38. Rd7 a5 39. Ke2 Rc2+ 40. Ke3
Rxh2 41. Kxe4 Kb3 42. Rb7 Kxa4 43. Rxb6 Ka3 44. g4 a4 45. f5 gxf5+ 46. gxf5 Ka2
47. Kf4 1-0

[Event "American Cup Elim w"]
[Site "Saint Louis USA"]
[Date "2024.03.16"]
[Round "2.6"]
[White "Yu, Jennifer"]
[Black "Paikidze, Nazi"]
[Result "1-0"]
[WhiteTitle "FM"]
[BlackTitle "IM"]
[WhiteElo "2279"]
[BlackElo "2319"]
[WhiteFideId "2078341"]
[BlackFideId "13603620"]
[EventDate "2024.03.14"]
[EventType "k.o."]

1. d4 Nf6 2. c4 d6 3. Nc3 Nbd7 4. e4 g6 5. Nf3 Bg7 6. Bd3 e5 7. O-O O-O 8. Bc2
c6 9. b3 Re8 10. Bb2 Nh5 11. Ne2 exd4 12. Bxd4 Ne5 13. Nxe5 dxe5 14. Bc5 b6 15.
Bd6 Bb7 16. c5 Qd7 17. b4 Nf4 18. Nxf4 exf4 19. Bxf4 Qe6 20. e5 Rad8 21. Qf3 Rd4
22. Rad1 Red8 23. Rxd4 Rxd4 24. cxb6 axb6 25. a3 Bxe5 26. Bb3 Rxf4 27. Bxe6 Rxf3
28. gxf3 fxe6 29. Re1 Bb2 30. Rxe6 Bxa3 31. Re7 Ba6 32. Ra7 Bxb4 33. Rxa6 Bc5
34. Kf1 Bd4 35. Ra7 c5 36. Rb7 c4 37. Ke2 Bc5 38. f4 Bd4 39. Kf3 Bc5 40. Rc7 Kh8
41. Ke4 c3 42. Kd3 Bxf2 43. Rxc3 Bc5 44. Ke4 Kg7 45. Rd3 Kf6 46. Rd7 h5 47. h3
Ke6 48. Rg7 Kf6 49. Rc7 Ke6 50. Rc6+ Kf7 51. Ke5 Kg7 52. Rc7+ Kh6 53. Rb7 Be3
54. Rc7 Bf2 55. Rc6 Kg7 56. Ke6 Be3 57. Rc7+ Kh6 58. Rf7 Bd4 59. Kd5 Be3 60. Rf6
Kg7 61. Ke6 Bd4 62. Rf7+ Kh6 63. Rf8 Kg7 64. Rc8 Be3 65. Rc7+ Kh6 66. f5 gxf5
67. Kxf5 Bc5 68. h4 Bf2 69. Rc6+ Kg7 70. Kg5 Bd4 71. Kxh5 Be3 72. Kg4 Kh7 73.
Kf5 Kg7 74. Re6 Bd4 75. Kg5 Bc5 76. h5 Kh7 77. h6 Bb4 78. Rxb6 Bd2+ 79. Kh5 Be3
80. Rb7+ Kg8 81. Kg6 Bf4 82. Rd7 Kf8 83. h7 Be5 84. Rd8+ Ke7 85. h8=Q 1-0

[Event "American Cup Elim w"]
[Site "Saint Louis USA"]
[Date "2024.03.16"]
[Round "2.7"]
[White "Yu, Jennifer"]
[Black "Paikidze, Nazi"]
[Result "1-0"]
[WhiteTitle "FM"]
[BlackTitle "IM"]
[WhiteElo "2279"]
[BlackElo "2319"]
[WhiteFideId "2078341"]
[BlackFideId "13603620"]
[EventDate "2024.03.14"]
[EventType "k.o."]

1. d4 Nf6 2. c4 e6 3. Nf3 Bb4+ 4. Nc3 d5 5. Bg5 h6 6. Bxf6 Qxf6 7. Qb3 c5 8. e3
O-O 9. Be2 dxc4 10. Qxc4 b6 11. O-O Ba6 12. Nb5 Nc6 13. a3 Ba5 14. b4 cxb4 15.
Qxc6 Rac8 16. Qe4 b3 17. Bd3 g6 18. Nxa7 Bxd3 19. Qxd3 Rc3 20. Qe4 b2 21. Rab1
Rxa3 22. Rxb2 Rc3 23. Ne5 Qf5 24. Qxf5 gxf5 25. Nb5 Rcc8 26. Nd6 Rc7 27. Ndc4 f6
28. Nxa5 fxe5 29. Rxb6 exd4 30. exd4 Kf7 31. Nc6 Rfc8 32. Ne5+ Kf6 33. f4 Rd8
34. Rd1 Rc2 35. Rb7 1-0

[Event "American Cup Elim w"]
[Site "Saint Louis USA"]
[Date "2024.03.16"]
[Round "2.8"]
[White "Paikidze, Nazi"]
[Black "Yu, Jennifer"]
[Result "1-0"]
[WhiteTitle "IM"]
[BlackTitle "FM"]
[WhiteElo "2319"]
[BlackElo "2279"]
[WhiteFideId "13603620"]
[BlackFideId "2078341"]
[EventDate "2024.03.14"]
[EventType "k.o."]

1. Nf3 d5 2. b3 Nf6 3. Bb2 g6 4. e3 Bg7 5. c4 e6 6. Nc3 O-O 7. d4 b6 8. Be2 Bb7
9. O-O Nbd7 10. Rc1 Ne4 11. Nxe4 dxe4 12. Nd2 c5 13. Qc2 cxd4 14. exd4 f5 15.
Rfd1 Qg5 16. Nf1 f4 17. d5 f3 18. Bxf3 exf3 19. Ng3 exd5 20. Bxg7 Kxg7 21. cxd5
Rac8 22. Qb2+ Qf6 23. Qd2 fxg2 24. Rxc8 Rxc8 25. Ne4 Qe5 26. Ng5 Nf8 27. Re1 Qf6
28. d6 h6 29. Re7+ Kg8 30. Nf7 Qa1+ 31. Re1 Qxe1+ 32. Qxe1 Kxf7 33. f3 Re8 34.
Qc3 Rc8 35. Qd2 Rc6 1-0

[Event "American Cup Elim w"]
[Site "Saint Louis USA"]
[Date "2024.03.16"]
[Round "2.9"]
[White "Paikidze, Nazi"]
[Black "Yu, Jennifer"]
[Result "1/2-1/2"]
[WhiteTitle "IM"]
[BlackTitle "FM"]
[WhiteElo "2319"]
[BlackElo "2279"]
[WhiteFideId "13603620"]
[BlackFideId "2078341"]
[EventDate "2024.03.14"]
[EventType "k.o."]

1. d4 d5 2. Nf3 Nf6 3. g3 e6 4. Bg2 c5 5. c4 Nc6 6. cxd5 Nxd5 7. O-O Be7 8. e4
Nf6 9. e5 Nd5 10. dxc5 Bxc5 11. a3 O-O 12. b4 Be7 13. Bb2 b6 14. Nbd2 Bb7 15.
Ne4 h6 16. Qe2 a5 17. b5 Nb8 18. Rac1 Nd7 19. Rfd1 Nc5 20. Nxc5 Bxc5 21. Nd4 Qe7
22. Nf5 exf5 23. Bxd5 Bxd5 24. Rxd5 Bxa3 25. Rc6 Bxb2 26. Qxb2 a4 27. Rxb6 a3
28. Qa2 Qb4 29. Rd2 Rad8 30. Rbd6 Rc8 31. Rc6 Qxb5 32. Rxc8 Rxc8 33. Qxa3 Qxe5
34. Rd1 Qe2 35. Qd3 Re8 36. Qxe2 Rxe2 37. Kg2 g5 38. Rd5 f4 39. gxf4 gxf4 40.
Rf5 Kg7 41. Rxf4 Kg6 42. Kf3 Ra2 43. Rg4+ Kf6 44. Rf4+ Kg6 45. Rg4+ Kf6 46. Rf4+
Kg6 47. Rg4+ Kf6 1/2-1/2

[Event "American Cup Elim w"]
[Site "Saint Louis USA"]
[Date "2024.03.16"]
[Round "2.10"]
[White "Yu, Jennifer"]
[Black "Paikidze, Nazi"]
[Result "1-0"]
[WhiteTitle "FM"]
[BlackTitle "IM"]
[WhiteElo "2279"]
[BlackElo "2319"]
[WhiteFideId "2078341"]
[BlackFideId "13603620"]
[EventDate "2024.03.14"]
[EventType "k.o."]

1. d4 Nf6 2. c4 e6 3. Nf3 d5 4. Nc3 c6 5. e3 Nbd7 6. Qc2 Bd6 7. b3 O-O 8. Bb2 b6
9. Be2 Bb7 10. O-O c5 11. cxd5 exd5 12. Rad1 Rc8 13. dxc5 bxc5 14. Qf5 g6 15.
Qg5 Qe7 16. Qh6 d4 17. exd4 Ng4 18. Qh3 h5 19. Rfe1 Ndf6 20. Ba6 Qd7 21. Bxb7
Qxb7 22. d5 c4 23. Ne4 Nxe4 24. Rxe4 f5 25. Re6 c3 26. Rxg6+ Kf7 27. Rxd6 Rh8
28. Ng5+ Kg7 29. Ne6+ Kf7 30. Ng5+ Ke7 31. Re6+ Kd7 32. Bxc3 Qb5 33. Rde1 Qc5
34. Bf6 Qxf2+ 35. Kh1 Qxe1+ 36. Rxe1 Nf2+ 37. Kg1 Nxh3+ 38. gxh3 Rhg8 39. Re7+
Kd6 40. Rxa7 Rc1+ 41. Kf2 Rc2+ 42. Ke3 Kxd5 43. Ra5+ Kc6 44. a4 Re8+ 45. Kf4
Rxh2 46. Kxf5 Rf2+ 47. Kg6 Rb8 48. Ra6+ Kd5 49. Ra5+ Kc6 50. Ne4 Rg2+ 51. Kxh5
Rxb3 52. h4 Re3 53. Ng5 Ra3 54. Ra6+ Kb7 55. Re6 Rxa4 56. Nf7 Rf2 57. Kg6 Rg4+
58. Bg5 Kc7 59. h5 Kd7 60. Re7+ Kc6 61. Ne5+ 1-0

[Event "American Cup Elim w"]
[Site "Saint Louis USA"]
[Date "2024.03.17"]
[Round "3.1"]
[White "Tokhirjonova, Gulrukhbegim"]
[Black "Yu, Jennifer"]
[Result "0-1"]
[WhiteTitle "WGM"]
[BlackTitle "FM"]
[WhiteElo "2365"]
[BlackElo "2279"]
[WhiteFideId "14203626"]
[BlackFideId "2078341"]
[EventDate "2024.03.14"]
[EventType "k.o."]

1. d4 d5 2. c4 e6 3. Nf3 Nf6 4. g3 Bb4+ 5. Bd2 Be7 6. Bg2 O-O 7. O-O Nbd7 8. Qc2
Ne4 9. Bf4 c6 10. h4 h6 11. Nc3 g5 12. hxg5 hxg5 13. Be3 f5 14. Ne5 Nxe5 15.
dxe5 Qe8 16. Qc1 Qh5 17. Nxe4 dxe4 18. f3 exf3 19. exf3 f4 20. g4 Qh6 21. Bd4
Rd8 22. Qc3 b6 23. Rfd1 Ba6 24. Bf2 Kf7 25. Qc2 Qh8 26. Qe4 c5 27. b3 Rab8 28.
a4 Bb7 29. Rxd8 Bxd8 30. Qd3 Bc6 31. a5 Bc7 32. axb6 Rd8 33. Qe2 axb6 34. Re1
Qh7 35. b4 cxb4 36. Qb2 Qd3 37. Qxb4 Bxf3 38. Bxb6 Bxg2 39. Bxc7 Qg3 40. Qb2
Bd5+ 41. Kf1 Bxc4+ 42. Re2 Rd1# 0-1

[Event "American Cup Elim w"]
[Site "Saint Louis USA"]
[Date "2024.03.17"]
[Round "3.2"]
[White "Yu, Jennifer"]
[Black "Tokhirjonova, Gulrukhbegim"]
[Result "0-1"]
[WhiteTitle "FM"]
[BlackTitle "WGM"]
[WhiteElo "2279"]
[BlackElo "2365"]
[WhiteFideId "2078341"]
[BlackFideId "14203626"]
[EventDate "2024.03.14"]
[EventType "k.o."]

1. d4 d5 2. c4 e6 3. Nc3 Be7 4. cxd5 exd5 5. Bf4 Nf6 6. e3 c6 7. Bd3 O-O 8. Nf3
Nbd7 9. Qc2 Re8 10. O-O Nf8 11. Ne5 Nh5 12. Bg3 Nxg3 13. hxg3 Bd6 14. Nf3 Bg4
15. Ne2 Qf6 16. Nh2 Bd7 17. Nf4 g6 18. Rfe1 Rac8 19. Rab1 a5 20. a3 h5 21. Qd1
Kg7 22. b4 axb4 23. axb4 Nh7 24. b5 h4 25. bxc6 bxc6 26. Nf1 hxg3 27. fxg3 Qg5
28. Qf3 Nf6 29. Nh3 Qh6 30. Nf2 Rh8 31. Rb7 Be6 32. Reb1 Rh7 33. R1b6 Qg5 34. e4
dxe4 35. Nxe4 Nxe4 36. Bxe4 Rch8 37. Rxc6 Rh1+ 38. Kf2 Rxf1+ 39. Kxf1 Qd2 40.
Qe2 Rh1+ 41. Kf2 Bxg3+ 42. Kxg3 Qxe2 43. Rxe6 Qe1+ 44. Kg4 Qh4+ 45. Kf3 Rf1+ 46.
Ke2 Qf2+ 47. Kd3 Rd1+ 48. Kc3 Qxd4+ 49. Kb3 Qe3+ 50. Kb4 Rd4+ 51. Kb5 Rxe4 0-1

[Event "American Cup Elim w"]
[Site "Saint Louis USA"]
[Date "2024.03.17"]
[Round "3.3"]
[White "Yu, Jennifer"]
[Black "Tokhirjonova, Gulrukhbegim"]
[Result "0-1"]
[WhiteTitle "FM"]
[BlackTitle "WGM"]
[WhiteElo "2279"]
[BlackElo "2365"]
[WhiteFideId "2078341"]
[BlackFideId "14203626"]
[EventDate "2024.03.14"]
[EventType "k.o."]

1. d4 d5 2. c4 e6 3. Nc3 Be7 4. cxd5 exd5 5. Bf4 c6 6. e3 Bf5 7. g4 Be6 8. h3
Nd7 9. Bd3 g5 10. Bg3 h5 11. Bf5 Bxf5 12. gxf5 Nb6 13. e4 dxe4 14. Nxe4 Qd5 15.
Qd3 O-O-O 16. Nf3 Nh6 17. f6 Bb4+ 18. Kf1 g4 19. hxg4 hxg4 20. Nfg5 Nf5 21. Kg2
Nxg3 22. Qxg3 Rhg8 23. Qxg4+ Kb8 24. Rad1 Rxg5 25. Qxg5 Qxe4+ 26. Kg1 Bd6 27.
Rh4 Qf3 28. Qg4 Qxf6 29. Rd3 Nd5 30. Rf3 Qe7 31. Rh6 Qe1+ 32. Kg2 Qe2 33. Qg5 f6
34. Qg7 Qe6 35. Rh8 Rxh8 36. Qxh8+ Kc7 37. Qg7+ Be7 38. Qg3+ Kc8 39. Qh3 Qxh3+
40. Kxh3 Kd7 41. Kg4 Ke6 42. Rh3 b5 43. a3 a5 44. Rh1 f5+ 45. Kf3 Bf6 46. Rd1 a4
47. Ke2 Nb6 48. Kf3 Nc4 49. Re1+ Kd5 50. Kf4 Bxd4 51. Re2 Nxb2 52. Kxf5 c5 53.
f4 b4 54. axb4 cxb4 55. Re8 a3 56. Ra8 Kc4 57. Ke6 Kb3 58. f5 Na4 59. Rd8 a2 60.
Rxd4 a1=Q 61. Rd5 Kc4 62. f6 Nc5+ 0-1

[Event "American Cup Elim w"]
[Site "Saint Louis USA"]
[Date "2024.03.18"]
[Round "4.1"]
[White "Tokhirjonova, Gulrukhbegim"]
[Black "Lee, Alice"]
[Result "1-0"]
[WhiteTitle "WGM"]
[BlackTitle "IM"]
[WhiteElo "2365"]
[BlackElo "2356"]
[WhiteFideId "14203626"]
[BlackFideId "30941822"]
[EventDate "2024.03.14"]

1. d4 d5 2. c4 e6 3. Nf3 Nf6 4. Nc3 Nbd7 5. Bg5 Be7 6. e3 h6 7. Bf4 a6 8. Rc1
O-O 9. cxd5 exd5 10. Bd3 c5 11. O-O c4 12. Bb1 b5 13. Ne5 Bb7 14. Bf5 b4 15. Ne2
Nxe5 16. dxe5 Nd7 17. Nd4 Nc5 18. Qg4 Kh8 19. Rfd1 Bg5 20. Nf3 Bxf4 21. Qxf4 Qe7
22. Bb1 Kg8 23. h4 Rad8 24. Nd4 Rfe8 25. Nf3 Ne6 26. Qg3 h5 27. Nd4 Nxd4 28.
exd4 Bc8 29. Re1 Bg4 30. Re3 Rc8 31. f3 Be6 32. f4 Bg4 33. f5 Rc6 34. Rce1 Qf8
35. Qf4 c3 36. bxc3 bxc3 37. Bc2 Rb8 38. Bb3 c2 39. Rc1 Qa3 40. Ree1 Qa5 41. e6
Rf8 42. e7 Re8 43. Qe5 Rc7 44. Qxd5 Rcxe7 45. Qxa5 1-0